000 00446cam a22001337a 4500
008 180718b1970 xxu||||| |||| 00| 0 eng d
082 _aJ9525x54 M424
100 _aMathur, Om Prakash
245 _aManual on industrial estate planning part I
_cby Om Prakash, Mathur
260 _aHyderabad
_bSmall industry extension traiing institute
_c1970
300 _aii, 179p
650 _aRegional planning --India.
650 _aIndustrial districts --India
999 _c416533
_d416533